Formación sindical en Argentina

Сохранить в:
Библиографические подробности
Главный автор: Orsatti, Alvaro (autor)
Формат:
Язык:испанский
Опубликовано: Santiago OIT 1999
Предметы:
Метки: Добавить метку
Нет меток, Требуется 1-ая метка записи!

MARC

LEADER 00000nam a2200000 a 4500
001 UCO2412
003 CL-VaPUC
005 20221114171929.0
008 000602e19990000CL |||||||||||||||||spa|d
999 |c 288923  |d 288921 
040 |c Pontificia Universidad Católica de Valparaíso 
082 0 4 |a 331.87  |b ORS  |2 21 
100 |a Orsatti, Alvaro  |e autor  |9 445559 
245 1 0 |a Formación sindical en Argentina 
260 |a Santiago  |b OIT  |c 1999 
300 |a 39 h 
583 |a last modification  |c 20000602 00:00:00  |k Rodrigo Vera 
650 7 |a SINDICALISMO  |2 CL-VaPUC  |9 445560 
650 0 |a Sindicatos  |9 255034 
650 0 |a Trabajadores  |9 260887 
650 7 |a EDUCACION SINDICAL  |2 CL-VaPUC  |9 388536 
942 |c BK  |2 ddc 
945 |d 20000602 00:00:00  |a rbrito 
952 |0 0  |1 0  |4 0  |6 331_870000000000000_ORS_1999  |7 0  |8 P  |9 336914  |a BIBGIM  |b BIBGIM  |d 2019-11-20  |i 3622320  |o 331.87 ORS 1999  |p 3622320  |r 2025-01-15  |w 2019-11-20  |y BK  |k GIM